000 02218cam a22004814i 4500
003 PE-LiUPU
005 20250731173112.0
008 181227s2018 miu r 000 0 eng
020 _a031053481X
020 _a9780310534815
035 _a(Sirsi) a251201
049 _aPRUA
082 0 4 _a259.42
_bG78
_223
100 1 _aGrcevich, Stephen,
_eautor.
245 1 0 _aMental health and the church :
_ba ministry handbook for including children and adults with ADHD, anxiety, mood disorders, and other common mental health conditions /
_cStephen Grcevich, MD.
264 1 _aGrand Rapids, Michigan :
_bZondervan,
_c[2018].
300 _a207 páginas ;
_c22 centímetros.
336 _atext
_2rdacontent
337 _aunmediated
_2rdamedia
338 _avolume
_2rdacarrier
505 0 _aUnderstanding the problem -- The disconnect -- Adifferent type of disality -- The first two barriers to Church Involvement -- Five additional barries -- What can Churches do to help? -- A mental health inclusion strategy -- Overcoming stigma in the church -- Overcoming anxiety -- Overcoming executive fuctioning weaknesses -- overcoming sensory processing differens --Overcoming social comunication Challenges -- Overcoming social isolation -- Overcoming past church esperience.
526 _aSEG42
526 _aSEG41
526 _aSEG40
526 _aSEG39
526 _aP94
526 _aP87
526 _aP86
526 _aP85
526 _aP77
526 _aP76
526 _aP35
650 0 4 _aFenicios
_xHistoria.
650 0 4 _aHistoria
_xAntiüedad
_xGeneralidades.
_2bisacsh
700 1 _aPlummer, Andrew,
_etraductor.
910 _adbm
_bsag
_csag
_d20181227
942 _2ddc
_cBOOK
994 _aC0
_bPEPRU
596 _a1
999 _a259.42 G78
_wDEWEY
_c30631
_i79438
_f2021-11-10
_g3
_lCCODEBUL1
_mBUL
_p10.79
_r0
_sY
_tBOOK
_u2018-12-27
_xTEOLOGIA
_PP85
_0DONACION
_1FCOMPR2
_o.STAFF. Colección Teología
_d30631
999 _a259.42 G78
_wDEWEY
_c2
_i79439
_f2021-11-10
_g3
_lCCODEBUL1
_mBUL
_p10.79
_r0
_sY
_tBOOK
_u2018-12-27
_xTEOLOGIA
_PP85
_0DONACION
_1FCOMPR2
_o.STAFF. Colección Teología
980 _81
_gALBERTO SANCHEZ Responsable de Automatización